000 00345nam a2200133Ia 4500
008 240624s9999 xx 000 0 und d
041 _aeng
082 _a745.2 DOR
100 _aDORST KEES
245 _aFRAME INNOVATION CREATE NEW THINKING BY
260 _c2012
_aLondon
_bThe MIT Press
300 _axvi, : 204 : p. : cm. ; 23
365 _c
_b30
999 _c26929
_d26929